000 01008nam a2200181 a 4500
008 080109s1963 ||||||||||||||||| || u
050 _aHD 38 Cye
100 _aCyert, Richard Michael
245 1 2 _aA behavioral theory of the firm
260 _aEnglewood Cliffs, N.J.
_bFT Prentice-Hall
_c[1963]
350 _a0.00
650 0 _aMANAGEMENT
650 _aBEHAVIOURAL THEORY
995 _D0.00
_FCBU-MAIN LIBRARY (Kitwe)
_H3
_I0.00
_M2
_UAVAILABLE
_ZMain Library Open Access Collection
995 _D0.00
_FCBU-MAIN LIBRARY (Kitwe)
_H1
_I0.00
_M1
_UAVAILABLE
_ZMain Library Open Access Collection
995 _D0.00
_FCBU-MAIN LIBRARY (Kitwe)
_H2
_I0.00
_M3
_UAVAILABLE
_ZMain Library Open Access Collection
995 _D0.00
_FCBU-MAIN LIBRARY (Kitwe)
_H4
_I0.00
_M4
_UAVAILABLE
_ZAnnex Low-Usage Collection
999 _c81060
_d81060